Dotknout se duše /

Hlavní autor: Holeček, Marek, 1974-
Další autoři: Nekolová, Markéta, 1970-
Jazyk: Čeština
Vydáno: V Brně : CPress, 2022
Vydání: 1. vydání
Témata:
Fyzický popis: 199 stran : ilustrace (převážně barevné), portréty ; 25 cm
Knihy
Uloženo v:
LEADER 01966cam a2200565 i 4500
001 nkc20223395746
003 CZ PrNK
005 20220502104355.0
007 ta
008 220224s2022 xr ac e 000 0acze d
015 |a cnb003395746 
020 |a 978-80-264-4089-5  |q (vázáno) :  |c Kč 429,00 
035 |a (OCoLC)1310112854 
040 |a OSA001  |b cze  |d OLA001  |e rda 
043 |a e-xr--- 
045 |a x7y2 
072 7 |a 796  |x Sport. Hry. Tělesná cvičení  |2 Konspekt  |9 20 
072 7 |a 929  |x Biografie  |2 Konspekt  |9 8 
080 |a 796.52.071.2  |2 MRF 
080 |a 796.52  |2 MRF 
080 |a 929  |2 MRF 
080 |a (437.3)  |2 MRF 
080 |a (092)  |2 MRF 
080 |a (047.53)  |2 MRF 
100 1 |a Holeček, Marek,  |d 1974-  |7 mzk2015879654  |4 aut 
245 1 0 |a Dotknout se duše /  |c Marek Maara Holeček, Markéta Bidlasová 
250 |a 1. vydání 
264 1 |a V Brně :  |b CPress,  |c 2022 
300 |a 199 stran :  |b ilustrace (převážně barevné), portréty ;  |c 25 cm 
336 |a text  |b txt  |2 rdacontent 
337 |a bez média  |b n  |2 rdamedia 
338 |a svazek  |b nc  |2 rdacarrier 
600 1 7 |a Holeček, Marek,  |d 1974-  |7 mzk2015879654  |2 czenas 
648 7 |a 20.-21. století  |7 ch462155  |2 czenas 
650 0 7 |a horolezci  |7 ph120801  |z Česko  |y 20.-21. století  |2 czenas 
650 0 7 |a horolezectví  |7 ph114696  |y 20.-21. století  |2 czenas 
650 0 9 |a mountaineers  |z Czechia  |y 20th-21st centuries  |2 eczenas 
650 0 9 |a mountaineering  |y 20th-21st centuries  |2 eczenas 
655 7 |a autobiografie  |7 fd131855  |2 czenas 
655 7 |a rozhovory  |7 fd133303  |2 czenas 
655 9 |a autobiography  |2 eczenas 
655 9 |a interviews  |2 eczenas 
700 1 |a Nekolová, Markéta,  |d 1970-  |7 xx0001598  |4 aut 
910 2 |a BOA001  |b 2-1483.546 
920 |a 006486348  |z OSA001 
928 9 |a Albatros Media - CPress 
990 |a BK 
995 |a 01 
991 |b 202204  |c NOV 
996 6 |b 2610897756  |c 2-1483.546  |l MZK  |r Sklad / do 1 hodiny  |n 0  |p p.v.  |w 001881862  |u 000010  |a 1  |e BOA001  |j MZK50  |s P